Nombre de films par saga. - Statistiques

Statistiques générales
  • Ce quiz a été pris 970 fois
    328 depuis la dernière actualisation
  • Le résultat moyen est 8 sur 20
Statistiques - réponses
Hint Réponse % Correct
Retour vers le futur 3
82%
Fast and Furious 10
65%
Le Seigneur des anneaux 3
65%
Divergente 3
60%
Harry Potter 8
60%
Star Wars 9
58%
Pirates des Caraïbes 5
55%
Indiana Jones 5
44%
Matrix 4
42%
Hunger Games 4
41%
Twilight 5
40%
John Wick 4
39%
Die Hard 5
32%
L'Arme fatale 4
31%
Mission : impossible 8
26%
Mad Max 5
24%
Jason Bourne 5
21%
Jurassic Park / World 7
21%
Le Gendarme 6
16%
Alien 7
15%
Aucun quiz correspondant
Distribution des résultats
% des personnes avec chaque résultat
Percentile par nombre de réponses
Votre historique - résultats
Vous n’avez pas pris ce quiz depuis la dernière actualisation